Plant biotechnology journal: Metabolic engineering and mechanical investigation of enhanced plant autoluminescence (Record no. 38611)

MARC details
000 -LEADER
fixed length control field 00541nam a2200145Ia 4500
022 ## - INTERNATIONAL STANDARD SERIAL NUMBER
ISSN 14677644
050 ## - CALL MARK
Classification number QH 442 .P53/
245 #0 - TITLE STATEMENT
Title Plant biotechnology journal: Metabolic engineering and mechanical investigation of enhanced plant autoluminescence
260 ## - PUBLICATION, DISTRIBUTION, ETC. (IMPRINT)
Year of publication 2023
300 ## - PHYSICAL DESCRIPTION
Number of Pages :ill. ; 29 cm.
650 ## - SUBJECT ADDED ENTRY--TOPICAL TERM
Topical Term Genetic engineering--Pakistan--Periodicals. Biotechnology--Pakistan--Periodicals. Plant genetic engineering--Pakistan--Periodica
942 ## - ADDED ENTRY ELEMENTS (KOHA)
Koha item type Serials

No items available.